Dublin LGBTQ Pride

Guardat en:
Dades bibliogràfiques
Autor corporatiu: Dublin LGBTQ Pride
Format: Llibre
Idioma:anglès
Publicat: Dublino Dublin LGBTQ Pride 2018
Etiquetes: Afegir etiqueta
Sense etiquetes, Sigues el primer a etiquetar aquest registre!

MARC

LEADER 00000nam a2200000 4500
005 20241023162959.0
008 241023b |||||||| |||| 00| 0 eng d
040 |c GP 
110 |a Dublin LGBTQ Pride 
245 |a Dublin LGBTQ Pride 
260 |a Dublino  |b Dublin LGBTQ Pride  |c 2018 
942 |2 ddc  |c BK  |n 0 
952 |0 0  |1 0  |2 ddc  |4 0  |6 323_000000000000000_DUB  |7 1  |9 2148  |a RM  |b RM  |d 2024-10-23  |l 0  |o 323 DUB  |p 790  |r 2024-10-23 16:30:14  |w 2024-10-23  |y BK 
999 |c 1888  |d 1888